| 000 | 00541cam a2200217ua 4500 | ||
|---|---|---|---|
| 020 | _c3.25 | ||
| 041 |
_amal _h |
||
| 082 |
_a574.192 _bGOP/JE |
||
| 100 | _aGopalaswamy, M . | ||
| 245 |
_aPuthu jeeva rasathanthram / _cM Gopalaswamy. _hTextual Documents |
||
| 250 |
_a1 / _b. |
||
| 260 |
_aThiruvananthapuram : _bState Instititute of Languages , _c1973. |
||
| 300 | _a118 ; . | ||
| 365 | _a3.25 | ||
| 504 | _a | ||
| 942 | _cBK | ||
| 999 |
_c6016 _d6016 |
||